| 000 | 00470nam a22001457a 4500 | ||
|---|---|---|---|
| 005 | 20170828104532.0 | ||
| 020 |
_a8170071934 _c200.00 |
||
| 035 | _aB-055321 | ||
| 037 |
_aDPL _bENG |
||
| 245 |
_aRemembering Dr Gangadhar Adhikari : _bSelection from writings / _cedited by Amar Farooqui |
||
| 260 |
_aNew Delhi _bPeople's Publishing House _c2000 |
||
| 300 |
_axxxi, 384p. _c20 cms. |
||
| 700 |
_aFarooqui, Amar _946844 |
||
| 942 |
_2ddc _cEN _h335.430092 _mREM |
||
| 999 |
_c66439 _d66439 |
||